[Event "Valasska Bystrice op"]
[Site "Valasska Bystrice"]
[Date "2023.09.13"]
[Round "6"]
[White "Palla, Rostislav"]
[Black "Zelenkova, Sofie"]
[Result "1-0"]
[WhiteElo "1590"]
[BlackElo "1369"]
[PlyCount "59"]
[EventDate "2023.09.09"]
[EventType "swiss"]
[EventRounds "9"]
[EventCountry "CZE"]
[SourceTitle "EXT 2024"]
[Source "ChessBase"]
[SourceDate "2023.10.10"]
[SourceVersion "1"]
[SourceVersionDate "2023.10.10"]
[SourceQuality "1"]

1. e4 e5 2. Nf3 Nc6 3. Bb5 Nge7 4. c3 g6 5. d4 exd4 6. cxd4 Bg7 7. Nc3 0-0 8. 0-0 d6 9. h3 Bd7 10. Be3 Nb8 11. Bc4 c6 12. a4 a5 13. Qb1 Qc7 14. Ng5 Be8 15. f4 Na6 16. f5 h6 17. f6 hxg5 18. fxg7 Kxg7 19. Bxg5 Nb4 20. Bf6+ Kh6 21. Qd1 Qd7 22. Qd2+ Kh7 23. Qg5 Ng8 24. Qh4+ Nh6 25. Bg5 Rh8 26. Bxh6 Kg8 27. Qg5 d5 28. exd5 cxd5 29. Bxd5 Nxd5 30. Nxd5 1-0